| 000 | 00367nam a22001577a 4500 | ||
|---|---|---|---|
| 003 | OSt | ||
| 005 | 20231213103841.0 | ||
| 007 | 274 pages | ||
| 008 | 231213b |||||||| |||| 00| 0 eng d | ||
| 020 | _a89781032605258 | ||
| 040 | _c | ||
| 082 | _a005.8/DAS | ||
| 245 |
_aPractical AI for cyber security _cRavi Das |
||
| 260 |
_bCRC press _c2023 |
||
| 942 |
_2ddc _cBK _n0 |
||
| 999 |
_c36019 _d36019 |
||